Occupational structure and educational status of tribes: a case study of Bhotia tribes of U.P. hills (Record no. 33024)

000 -LEADER
fixed length control field 00554pab a2200181 454500
008 - FIXED-LENGTH DATA ELEMENTS--GENERAL INFORMATION
fixed length control field 180718b1996 xxu||||| |||| 00| 0 eng d
100 ## - MAIN ENTRY--PERSONAL NAME
Personal name Srivastava, Kanshal K.
245 ## - TITLE STATEMENT
Title Occupational structure and educational status of tribes: a case study of Bhotia tribes of U.P. hills
260 ## - PUBLICATION, DISTRIBUTION, ETC.
Date of publication, distribution, etc. 1996
300 ## - PHYSICAL DESCRIPTION
Extent p.173-78
362 ## - DATES OF PUBLICATION AND/OR SEQUENTIAL DESIGNATION
Dates of publication and/or sequential designation Apr
650 ## - SUBJECT ADDED ENTRY--TOPICAL TERM
Topical term or geographic name entry element Tribes - India - Uttar Pradesh
650 ## - SUBJECT ADDED ENTRY--TOPICAL TERM
Topical term or geographic name entry element Tribes
700 ## - ADDED ENTRY--PERSONAL NAME
Personal name Srivastava, Tanuja
700 ## - ADDED ENTRY--PERSONAL NAME
Personal name Nautiyal, D.K.
773 ## - HOST ITEM ENTRY
Main entry heading Journal of Educational Planning and Administration
909 ## -
-- 33024
Holdings
Withdrawn status Lost status Damaged status Not for loan Permanent Location Current Location Date acquired Serial Enumeration / chronology Barcode Date last seen Price effective from Koha item type
        Indian Institute of Public Administration Indian Institute of Public Administration 2018-07-19 Volume no: 10, Issue no: 2 AR33241 2018-07-19 2018-07-19 Articles

Powered by Koha